|
|
|
|
| LEADER |
01292nam a2200265 a 4500 |
| 001 |
GR-Antirio548 |
| 008 |
090211s2003 nju b 001 0 eng|c |
| 020 |
|
|
|a 0130355488
|
| 040 |
|
|
|a GrPaTEI
|b gre
|c GR-PaULI
|
| 082 |
|
0 |
|a 005.8
|2 21
|
| 100 |
0 |
|
|a Pfleeger, Charles P.,
|d 1948-
|
| 245 |
1 |
0 |
|a Security in computing /
|c Charles P. Pfleeger, Shari Lawrence Pfleeger.
|
| 250 |
|
|
|a 3rd ed.
|
| 260 |
|
|
|a Upper Saddle River, N.J.. :
|b Prentice Hall PRT,
|c 2003.
|
| 300 |
|
|
|a xxix, 746 σ. :
|b εικ. ;
|c 24 εκ.
|
| 504 |
|
|
|a Περιλαμβάνει βιβλιογραφικές παραπομπές και ευρετήριο.
|
| 650 |
|
0 |
|a Computer security.
|
| 650 |
|
0 |
|a Data protection.
|
| 650 |
|
0 |
|a Privacy, Right of.
|
| 700 |
1 |
|
|a Pfleeger, Shari Lawrence
|e συγγραφέας.
|
| 942 |
|
|
|2 ddc
|
| 952 |
|
|
|0 0
|1 0
|2 ddc
|4 0
|6 005_800000000000000_PFL
|7 0
|9 261690
|a LISK-2
|b LISK-2
|c BSC
|d 2021-01-17
|e 24
|f 0
|g 0.00
|l 0
|o 005.8 PFL
|p 2430000006610
|r 2021-01-17 00:00:00
|t 1
|w 2021-01-17
|y BK15
|x 20090211 0 1
|x GrPaTEI - Antirrio
|
| 952 |
|
|
|0 0
|1 0
|2 ddc
|4 0
|6 005_800000000000000_PFL
|7 0
|9 261691
|a LISK-2
|b LISK-2
|c BSC
|d 2021-01-17
|e 24
|f 0
|g 0.00
|l 0
|o 005.8 PFL
|p 2430000006611
|r 2021-01-17 00:00:00
|t 1
|w 2021-01-17
|y BK15
|x 20090211 0 1
|x GrPaTEI - Antirrio
|
| 971 |
|
|
|a .b2570347x
|b 14-07-20
|c 12-09-16
|
| 999 |
|
|
|c 151015
|d 151015
|